00727nas a2200217Ia 4500001001100000003000900011008004100020040001300061040001300074041001300087100004700100210001800147222001800165245011300183250001100296260002400307501008600331300001800417362003800435650003600473R002/39558IT-RoPAU151124c99999999xx |||||||||||| ||und|| aIT-RoPAU cIT-RoPAU aITALIANO aTurroni GiuseppegCodice Aut. SPICS: 294 aBIANCO E NERO aBianco E Nero aBIANCO E NERO, ANNO 44-N.01-GENNAIO/MARZO 1983bFigurazione Nel Cinema Americano, Tra Fotografia E Arte (La) a1a ed. aROMAbGREMESEc1983 bPaulus - SPICS - Società San Paolo EM (non-commercial uses only)cCopyright2015 a13 p. [54-66] aANNO 044, N.01-GENNAIO/MARZO 1983 aCINEMAvPUBBLICAZIONE PERIODICA